The Original Language Quiz Stats

Quiz not verified by Sporcle

Challenge
Share
Tweet
Score 0/30 Timer 06:00
0 Plays Today
% Correct
gung-ho
73.5%
dharma
71.4%
ginkgo
69.4%
tycoon
67.3%
typhoon
67.3%
avatar
67.3%
zero
65.3%
safari
65.3%
ganja
65.3%
alcohol
63.3%
tea
63.3%
ramen
63.3%
chop chop
53.1%
ghoul
53.1%
doughnut
53.1%
% Correct
knife
49%
mistletoe
49%
fodder
46.9%
honcho
44.9%
rice
42.9%
hazel
36.7%
jar
34.7%
ketchup
34.7%
brother
32.7%
loquat
26.5%
chop
26.5%
lacquer
20.4%
mattress
12.2%
brainwash
8.2%
skosh
8.2%

You're not logged in!

Compare scores with friends on all Sporcle quizzes.
Join for Free
OR
Log In

You Might Also Like...

Show Comments

Extras

Top Quizzes Today


Score Distribution

Your Account Isn't Verified!

In order to create a playlist on Sporcle, you need to verify the email address you used during registration. Go to your Sporcle Settings to finish the process.

Report this User

Report this user for behavior that violates our Community Guidelines.

Details: